[Event "Logumkloster A"]
[Site "Oster Hojst"]
[Date "2017.05.30"]
[Round "5"]
[White "Kallesen, Jesper"]
[Black "Moller, Martin"]
[Result "1-0"]
[WhiteElo "1748"]
[BlackElo "1702"]
[PlyCount "53"]
[EventDate "2017.04.04"]
[EventType "tourn"]
[EventRounds "5"]
[EventCountry "DEN"]
[SourceTitle "EXT 2023"]
[Source "ChessBase"]
[SourceDate "2022.10.05"]
[SourceVersion "1"]
[SourceVersionDate "2022.10.05"]
[SourceQuality "1"]

1. d4 Nf6 2. Bg5 h6 3. Bh4 g5 4. Bg3 Bg7 5. e3 d6 6. Bc4 a6 7. Nc3 Nc6 8. Nd5 Ne4 9. Qf3 Nf6 10. Nxf6+ Bxf6 11. 0-0-0 Na5 12. Bxf7+ Kxf7 13. Qd5+ Be6 14. Qxa5 b6 15. Qa3 c5 16. Nf3 Qc7 17. d5 Bf5 18. Rhe1 b5 19. e4 b4 20. Qb3 c4 21. Qe3 Bg6 22. e5 Bg7 23. exd6 Qa5 24. Qe6+ Kf8 25. dxe7+ Ke8 26. Qxg6+ Kd7 27. Qc6# 1-0

[Event "Vojens Autumn"]
[Site "Vojens"]
[Date "2016.09.12"]
[Round "3"]
[White "Kallesen, Jesper"]
[Black "Posselt, Karl"]
[Result "1-0"]
[WhiteElo "1827"]
[BlackElo "1517"]
[PlyCount "53"]
[EventDate "2016.09.12"]
[EventType "swiss (rapid)"]
[EventRounds "7"]
[EventCountry "DEN"]
[SourceTitle "EXT 2024"]
[Source "ChessBase"]
[SourceDate "2023.10.10"]
[SourceVersion "1"]
[SourceVersionDate "2023.10.10"]
[SourceQuality "1"]

1. d4 Nf6 2. Bg5 d5 3. Nf3 Nbd7 4. e3 g6 5. Nbd2 Bg7 6. c4 c6 7. Rc1 Qa5 8. Bxf6 Nxf6 9. Qb3 0-0 10. Bd3 e6 11. 0-0 Bd7 12. cxd5 exd5 13. a3 Qb6 14. Rc3 Rac8 15. Ne5 Rc7 16. Rfc1 Rfc8 17. Qc2 a6 18. Nb3 Be8 19. f4 Nd7 20. Nxd7 Bxd7 21. f5 Bh6 22. Re1 Re8 23. fxg6 Bxe3+ 24. Rxe3 Rxe3 25. Qf2 Re7 26. gxh7+ Kh8 27. Qf6# 1-0

[Event "Vojens Autumn"]
[Site "Vojens"]
[Date "2016.09.12"]
[Round "6"]
[White "Nielsen, Finn"]
[Black "Kallesen, Jesper"]
[Result "1-0"]
[WhiteElo "1865"]
[BlackElo "1827"]
[PlyCount "55"]
[EventDate "2016.09.12"]
[EventType "swiss (rapid)"]
[EventRounds "7"]
[EventCountry "DEN"]
[SourceTitle "EXT 2024"]
[Source "ChessBase"]
[SourceDate "2023.10.10"]
[SourceVersion "1"]
[SourceVersionDate "2023.10.10"]
[SourceQuality "1"]

1. e4 c5 2. Nf3 g6 3. d4 e6 4. dxc5 Bxc5 5. c3 Qb6 6. Qc2 Nf6 7. b4 Be7 8. Be3 Qc6 9. Bd3 d5 10. exd5 Nxd5 11. Bd4 Bf6 12. a4 Bd7 13. 0-0 Qc7 14. Bxf6 Nxf6 15. b5 a6 16. Nbd2 0-0 17. c4 Rc8 18. Qb2 Nh5 19. g3 Rd8 20. Ne5 f6 21. Ng4 e5 22. Be2 axb5 23. cxb5 Bxg4 24. Bxg4 Rd4 25. Bxh5 gxh5 26. Nf3 Rdxa4 27. Qb3+ Qc4 28. Qxc4+ 1-0

[Event "Logumkloster-chA"]
[Site "Logumkloster"]
[Date "2016.05.10"]
[Round "4"]
[White "Posselt, Karl"]
[Black "Kallesen, Jesper"]
[Result "0-1"]
[WhiteElo "1510"]
[BlackElo "1833"]
[PlyCount "128"]
[EventDate "2016.04.12"]
[EventType "tourn"]
[EventRounds "5"]
[EventCountry "DEN"]
[SourceTitle "EXT 2023"]
[Source "ChessBase"]
[SourceDate "2022.10.05"]
[SourceVersion "1"]
[SourceVersionDate "2022.10.05"]
[SourceQuality "1"]

1. f4 d5 2. Nf3 g6 3. d4 Bg7 4. e3 Nf6 5. Bd3 Bf5 6. 0-0 Nbd7 7. c3 0-0 8. Ne5 Bxd3 9. Nxd3 Ne4 10. Nd2 Rc8 11. Nxe4 dxe4 12. Nf2 Nf6 13. c4 c5 14. d5 Qb6 15. Qc2 e6 16. Nxe4 exd5 17. Nxf6+ Bxf6 18. cxd5 Rfe8 19. e4 c4+ 20. Kh1 Qd4 21. e5 Bg7 22. Rd1 Qc5 23. d6 Rcd8 24. Bd2 f6 25. Bc3 fxe5 26. fxe5 Bxe5 27. Bxe5 Rxe5 28. d7 Qc7 29. Rd4 b5 30. Rad1 Rxd7 31. Qc3 Rxd4 32. Qxd4 Qe7 33. h3 a5 34. Qg4 Re1+ 35. Rxe1 Qxe1+ 36. Kh2 Qe5+ 37. Kg1 Qc5+ 38. Kh2 Qc7+ 39. Kg1 Qc6 40. Qd1 Qc5+ 41. Kh1 Qg5 42. Qd7 Qc1+ 43. Kh2 Qxb2 44. Qd8+ Kg7 45. Qxa5 Qe5+ 46. Kg1 c3 47. Qa7+ Kh6 48. Qf2 Kg7 49. Qa7+ Kf6 50. Qf2+ Ke6 51. Qb6+ Kd7 52. Qb7+ Ke6 53. Qc6+ Kf5 54. Qf3+ Kg5 55. Qg4+ Kf6 56. Qf3+ Kg7 57. Qb7+ Kh6 58. Qf3 Qc5+ 59. Kh2 c2 60. Qf4+ Kg7 61. Qc1 Qd6+ 62. g3 Qd3 63. Qb2+ Kg8 64. Qc1 Qe2+ 0-1

[Event "Logumkloster-chA"]
[Site "Logumkloster"]
[Date "2016.04.14"]
[Round "2"]
[White "Clausen, Hans Jorgen"]
[Black "Kallesen, Jesper"]
[Result "1/2-1/2"]
[WhiteElo "1728"]
[BlackElo "1833"]
[PlyCount "56"]
[EventDate "2016.04.12"]
[EventType "tourn"]
[EventRounds "5"]
[EventCountry "DEN"]
[SourceTitle "EXT 2023"]
[Source "ChessBase"]
[SourceDate "2022.10.05"]
[SourceVersion "1"]
[SourceVersionDate "2022.10.05"]
[SourceQuality "1"]

1. d4 e6 2. Nf3 d5 3. e3 c5 4. dxc5 Bxc5 5. a3 Bd7 6. b4 Qf6 7. c3 Bb6 8. Bb2 a5 9. Be2 axb4 10. axb4 Rxa1 11. Bxa1 Ne7 12. 0-0 Nbc6 13. Na3 0-0 14. b5 Ne5 15. Nxe5 Qxe5 16. c4 Qd6 17. Nc2 Bc7 18. g3 Ra8 19. Qd4 Nf5 20. Qc3 f6 21. Rd1 Ba5 22. Qb3 dxc4 23. Qxc4 Rc8 24. Qe4 Qc7 25. Nd4 Nxd4 26. Qxd4 Rd8 27. Qc4 Qxc4 28. Bxc4 Kf7 1/2-1/2

[Event "Logumkloster-chA"]
[Site "Logumkloster"]
[Date "2012.05.01"]
[Round "5"]
[White "Kallesen, Jesper"]
[Black "Karstensen, Christian"]
[Result "0-1"]
[WhiteElo "1623"]
[BlackElo "1912"]
[PlyCount "86"]
[EventDate "2012.03.27"]
[EventType "tourn"]
[EventRounds "5"]
[EventCountry "DEN"]
[SourceTitle "EXT 2023"]
[Source "ChessBase"]
[SourceDate "2022.10.05"]
[SourceVersion "1"]
[SourceVersionDate "2022.10.05"]
[SourceQuality "1"]

1. d4 d5 2. c4 c6 3. e3 Nf6 4. Nc3 e6 5. Nf3 Nbd7 6. Bd3 a6 7. 0-0 dxc4 8. Bxc4 b5 9. Bb3 Bb7 10. Ne5 Nxe5 11. dxe5 Nd7 12. f4 c5 13. Bc2 Qb6 14. a4 c4 15. axb5 axb5 16. Rxa8+ Bxa8 17. Be4 Bxe4 18. Nxe4 Be7 19. Nd6+ Bxd6 20. Qxd6 Qxd6 21. exd6 Nc5 22. Rd1 Kd7 23. b4 Nd3 24. Bd2 Ra8 25. Bc3 f6 26. Ra1 Rxa1+ 27. Bxa1 Nxb4 28. Bc3 Na2 29. Bd4 c3 30. Kf2 c2 31. Bb2 c1Q 32. Bxc1 Nxc1 33. Ke1 Kxd6 34. Kd2 Nb3+ 35. Kc3 Nc5 36. Kb4 Kc6 37. g4 Na6+ 38. Kc3 Kc5 39. e4 e5 40. f5 b4+ 41. Kb3 Kb5 42. h4 Nc5+ 43. Kb2 Nxe4 0-1

[Event "Logumkloster-chA"]
[Site "Logumkloster"]
[Date "2012.04.24"]
[Round "4"]
[White "Hansen, Hans Valdemar"]
[Black "Kallesen, Jesper"]
[Result "1-0"]
[WhiteElo "1882"]
[BlackElo "1623"]
[PlyCount "93"]
[EventDate "2012.03.27"]
[EventType "tourn"]
[EventRounds "5"]
[EventCountry "DEN"]
[SourceTitle "EXT 2023"]
[Source "ChessBase"]
[SourceDate "2022.10.05"]
[SourceVersion "1"]
[SourceVersionDate "2022.10.05"]
[SourceQuality "1"]

1. e4 b6 2. Bc4 Bb7 3. d3 d5 4. exd5 Bxd5 5. Bxd5 Qxd5 6. Nf3 e6 7. 0-0 Nf6 8. c4 Qd6 9. Nc3 a6 10. Bg5 Be7 11. d4 Nbd7 12. g3 Qb4 13. Qe2 h6 14. Bf4 Bd6 15. a3 Qa5 16. Bxd6 cxd6 17. d5 Qc5 18. dxe6 fxe6 19. Qxe6+ Kf8 20. Nh4 Ne5 21. Rae1 Re8 22. b4 Qxf2+ 23. Rxf2 Rxe6 24. Nd5 Kf7 25. Nxb6 g5 26. Nf5 Nf3+ 27. Rxf3 Rxe1+ 28. Kf2 Rh1 29. Nxd6+ Ke6 30. Kg2 Re1 31. c5 g4 32. Rd3 Ne4 33. Nxe4 Rxe4 34. Rd6+ Ke7 35. Nd5+ Kf7 36. Nf4 a5 37. b5 Rc4 38. c6 Re8 39. Rd7+ Kf6 40. Rd2 a4 41. c7 Kf7 42. b6 Rc6 43. Nd5 Rc1 44. b7 Ree1 45. c8Q Rg1+ 46. Kf2 Rgf1+ 47. Ke3 1-0

[Event "Logumkloster-chA"]
[Site "Logumkloster"]
[Date "2012.03.27"]
[Round "1"]
[White "Asmund, Erik"]
[Black "Kallesen, Jesper"]
[Result "1-0"]
[WhiteElo "1558"]
[BlackElo "1623"]
[PlyCount "109"]
[EventDate "2012.03.27"]
[EventType "tourn"]
[EventRounds "5"]
[EventCountry "DEN"]
[SourceTitle "EXT 2023"]
[Source "ChessBase"]
[SourceDate "2022.10.05"]
[SourceVersion "1"]
[SourceVersionDate "2022.10.05"]
[SourceQuality "1"]

1. e4 Nc6 2. Bc4 e5 3. Nf3 h6 4. c3 Nf6 5. d3 d5 6. exd5 Nxd5 7. 0-0 Nb6 8. Bb3 Bf5 9. d4 exd4 10. Re1+ Be7 11. Nxd4 Nxd4 12. Qxd4 Qxd4 13. cxd4 Rd8 14. Nc3 Rxd4 15. Be3 Rd7 16. Bc5 Nc8 17. Rad1 Rxd1 18. Nxd1 h5 19. Nc3 c6 20. Ne4 Kf8 21. Bxe7+ Nxe7 22. Nd6 Bg6 23. Nxb7 Rh6 24. Nd6 h4 25. Re5 Bh5 26. Ne4 f5 27. Ng5 Ke8 28. Ne6 Rg6 29. Nf4 Rg5 30. Nxh5 Rxh5 31. Be6 h3 32. gxh3 Rxh3 33. Bxf5 Rf3 34. Be4 Rf6 35. Ra5 Nc8 36. a4 Rd6 37. Bf5 Ne7 38. Bg4 Rd4 39. h3 Rb4 40. Rxa7 Rxb2 41. Ra8+ Kf7 42. Ra7 Ra2 43. a5 Kf6 44. Ra6 Ke5 45. Ra7 Kd6 46. Rd7+ Kc5 47. Rxe7 Kb4 48. Rxg7 Rxa5 49. Rb7+ Kc4 50. Rb1 c5 51. Be2+ Kd4 52. Kg2 c4 53. Rd1+ Kc5 54. Rc1 Ra4 55. Rxc4+ 1-0

[Event "Logumkloster-chC"]
[Site "Logumkloster"]
[Date "2009.05.19"]
[Round "5"]
[White "Kallesen, Jesper"]
[Black "Jensen, Jens Peter"]
[Result "0-1"]
[WhiteElo "1458"]
[BlackElo "1442"]
[PlyCount "48"]
[EventDate "2009.04.21"]
[EventType "tourn"]
[EventRounds "5"]
[EventCountry "DEN"]
[SourceTitle "EXT 2023"]
[Source "ChessBase"]
[SourceDate "2022.10.05"]
[SourceVersion "1"]
[SourceVersionDate "2022.10.05"]
[SourceQuality "1"]

1. d4 d5 2. c4 c6 3. Bf4 e6 4. Nc3 a6 5. Nf3 Bd6 6. Qd2 Nf6 7. Bg5 h6 8. Bxf6 Qxf6 9. e4 Bb4 10. e5 Qe7 11. g3 Bxc3 12. Qxc3 Nd7 13. b4 0-0 14. b5 f6 15. bxc6 bxc6 16. cxd5 cxd5 17. exf6 Nxf6 18. Ne5 Ne4 19. Qc6 Bb7 20. Qa4 Nxf2 21. Rg1 Qg5 22. Nf3 Qe3+ 23. Be2 Nd3+ 24. Kf1 Qf2# 0-1

[Event "Logumkloster-ch Basis 3"]
[Site "Logumkloster"]
[Date "2008.05.13"]
[Round "5"]
[White "Kallesen, Jesper"]
[Black "Feldborg, Henrik"]
[Result "0-1"]
[WhiteElo "1223"]
[BlackElo "1464"]
[PlyCount "100"]
[EventDate "2008.04.15"]
[EventType "swiss"]
[EventRounds "5"]
[EventCountry "DEN"]
[SourceTitle "EXT 2023"]
[Source "ChessBase"]
[SourceDate "2022.10.05"]
[SourceVersion "1"]
[SourceVersionDate "2022.10.05"]
[SourceQuality "1"]

1. e4 c5 2. Nf3 Nc6 3. Bc4 e6 4. Nc3 Nf6 5. 0-0 Nxe4 6. Nxe4 d5 7. Bd3 dxe4 8. Bxe4 Bd7 9. d4 cxd4 10. Nxd4 Nxd4 11. Qxd4 Bb5 12. Qxd8+ Rxd8 13. Re1 b6 14. a4 Bd7 15. Be3 Be7 16. c3 0-0 17. a5 f5 18. Bf3 b5 19. Bxa7 g5 20. g3 Bc8 21. Rad1 g4 22. Bc6 Rxd1 23. Rxd1 Ba6 24. Rd7 Bf6 25. Bd4 Bxd4 26. Rxd4 Rc8 27. Rd6 e5 28. Bd7 Ra8 29. Be6+ Kf8 30. Bxf5 Bb7 31. b4 h5 32. Rd7 Bf3 33. h3 Ra6 34. hxg4 hxg4 35. Bd3 Rh6 36. Rh7 Rd6 37. Bf1 Rd1 38. a6 Be2 39. a7 Rxf1+ 40. Kg2 Ra1 41. Kh2 Bf3 42. a8Q+ Bxa8 43. Rh8+ Kg7 44. Rxa8 Rxa8 45. Kg2 Ra2 46. Kf1 Kf6 47. Ke1 e4 48. Kf1 Ke5 49. Kg2 Kd5 50. Kf1 Kc4 0-1

[Event "Sonderjysk-chB"]
[Site "Agerskov"]
[Date "2007.09.16"]
[Round "4"]
[White "Clausen, Jorgen"]
[Black "Kallesen, Jesper"]
[Result "1/2-1/2"]
[WhiteElo "1509"]
[BlackElo "1180"]
[PlyCount "118"]
[EventDate "2007.09.09"]
[EventType "tourn"]
[EventRounds "7"]
[EventCountry "DEN"]
[SourceTitle "EXT 2023"]
[Source "ChessBase"]
[SourceDate "2022.10.05"]
[SourceVersion "1"]
[SourceVersionDate "2022.10.05"]
[SourceQuality "1"]

1. d4 d5 2. c4 e6 3. Bf4 Nf6 4. Nd2 Bb4 5. Ngf3 0-0 6. e3 Ne4 7. Bd3 Bxd2+ 8. Nxd2 Nxd2 9. Kxd2 Qe7 10. c5 b6 11. Qh5 h6 12. Bxh6 gxh6 13. Qxh6 f6 14. h4 Ba6 15. Bg6 Qg7 16. Qxg7+ Kxg7 17. h5 e5 18. Rac1 Bb5 19. cxb6 cxb6 20. Rc7+ Nd7 21. Bf5 Rfd8 22. h6+ Kh8 23. Rh3 Rac8 24. Rxa7 Ra8 25. Rxa8 Rxa8 26. a3 Nf8 27. dxe5 fxe5 28. g4 Bd7 29. Bxd7 Nxd7 30. g5 Kh7 31. f4 exf4 32. exf4 Rf8 33. Rh4 Nc5 34. Ke3 Ne6 35. b4 b5 36. Kf3 Nxg5+ 37. Kg4 Ne4 38. f5 Rg8+ 39. Kf4 Ng5 40. Rh1 Ne4 41. Ke5 Rd8 42. f6 Re8+ 43. Kxd5 Nxf6+ 44. Kc6 Ra8 45. Kxb5 Rxa3 46. Kb6 Rb3 47. b5 Nd5+ 48. Kc5 Rb4 49. Rh5 Rxb5+ 50. Kxb5 Nf6 51. Rh1 Ng4 52. Kc5 Nxh6 53. Rg1 Nf7 54. Kd5 Kh6 55. Ke6 Ng5+ 56. Kf6 Nh7+ 57. Kf5 Nf8 58. Rd1 Nh7 59. Rd7 Nf8 1/2-1/2

[Event "Sonderjysk-chB"]
[Site "Agerskov"]
[Date "2007.09.09"]
[Round "2"]
[White "Christiansen, Bobby"]
[Black "Kallesen, Jesper"]
[Result "0-1"]
[WhiteElo "1200"]
[BlackElo "1180"]
[PlyCount "76"]
[EventDate "2007.09.09"]
[EventType "tourn"]
[EventRounds "7"]
[EventCountry "DEN"]
[SourceTitle "EXT 2023"]
[Source "ChessBase"]
[SourceDate "2022.10.05"]
[SourceVersion "1"]
[SourceVersionDate "2022.10.05"]
[SourceQuality "1"]

1. e4 e5 2. Nf3 Nc6 3. Bc4 h6 4. 0-0 Nf6 5. Nc3 Bb4 6. a3 Bxc3 7. bxc3 d5 8. Bb5 Bd7 9. exd5 Nxd5 10. d4 e4 11. Bxc6 Bxc6 12. Ne5 Qd6 13. Bf4 Nxf4 14. g3 Nh3+ 15. Kh1 e3+ 16. f3 f6 17. Qe2 fxe5 18. Qg2 Bd7 19. g4 Nf4 20. Qg3 exd4 21. Rad1 c5 22. Rb1 b6 23. cxd4 cxd4 24. c3 e2 25. Rfe1 Qe5 26. Rb4 g5 27. Rxd4 Bb5 28. Re4 Qxe4 29. fxe4 0-0 30. Qe3 Nd3 31. Rxe2 Rf1+ 32. Kg2 Nf4+ 33. Kxf1 Bxe2+ 34. Qxe2 Nxe2 35. Kxe2 Kf7 36. Ke3 Rd8 37. h3 Ke6 38. Kf3 Rd3+ 0-1